[Event "Milan Province-ch"]
[Site "Milan"]
[Date "2015.01.25"]
[Round "2"]
[White "Dicuonzo, Antonio"]
[Black "Pirovano, Ezio"]
[Result "1/2-1/2"]
[WhiteElo "1617"]
[BlackElo "1505"]
[PlyCount "56"]
[EventDate "2015.01.24"]
[EventType "swiss"]
[EventRounds "6"]
[EventCountry "ITA"]
[SourceTitle "EXT 2017"]
[Source "ChessBase"]
[SourceDate "2016.10.25"]
[SourceVersion "1"]
[SourceVersionDate "2016.10.25"]
[SourceQuality "1"]

1. d4 Nf6 2. c4 e6 3. a3 b6 4. Nc3 Bb7 5. Bg5 Be7 6. Nf3 0-0 7. e3 Ne4 8. Nxe4 Bxe4 9. Bxe7 Qxe7 10. Bd3 Bxd3 11. Qxd3 d6 12. 0-0 Nd7 13. Rfd1 Rfd8 14. b4 Nf8 15. Rac1 c5 16. b5 Ng6 17. a4 e5 18. dxe5 dxe5 19. Qc2 Rxd1+ 20. Rxd1 Rd8 21. Rxd8+ Qxd8 22. Qd2 Qxd2 23. Nxd2 Ne7 24. Kf1 Nc8 25. Ke2 Kf8 26. Kd3 Ke7 27. f3 Nd6 28. e4 f6 1/2-1/2